ՀՀ Գիտությունների ազգային ակադեմիայի հիմնարար գիտական գրադարան  =   Fundamental Scientific Library of NAS RA

Զրուցարան / (Record no. 104733)

MARC details
000 -LEADER
fixed length control field 01341nam a2200277 u 4500
001 - CONTROL NUMBER
control field 000285833
003 - CONTROL NUMBER IDENTIFIER
control field AM-YeHGA
005 - DATE AND TIME OF LATEST TRANSACTION
control field 20250618071855.0
008 - FIXED-LENGTH DATA ELEMENTS--GENERAL INFORMATION
fixed length control field 031119s1987 ai r 000 0 arm d
020 ## - INTERNATIONAL STANDARD BOOK NUMBER
International Standard Book Number 5807700597(Հ.Բ)
040 ## - CATALOGING SOURCE
Original cataloging agency AM-YeHGA
041 0# - LANGUAGE CODE
Language code of text/sound track or separate title arm
090 ## - LOCALLY ASSIGNED LC-TYPE CALL NUMBER (OCLC); LOCAL CALL NUMBER (RLIN)
-- 106054
100 1# - MAIN ENTRY--PERSONAL NAME
Personal name Ուլուբաբյան, Բագրատ Արշակի,
Dates associated with a name 1925-2001
9 (RLIN) 1745
245 10 - TITLE STATEMENT
Title Զրուցարան /
Statement of responsibility, etc. Բ.Ա. Ուլուբաբյան; Գրախոս.՝ Ս.Տ. Երեմյան; Խմբ.՝ Վ.Բ. Բարխուդարյան, Վ.Ա. Դավթյան, Հ.Մ. Կարապետյան.
260 ## - PUBLICATION, DISTRIBUTION, ETC.
Place of publication, distribution, etc. Երևան :
Name of publisher, distributor, etc. Արևիկ,
Date of publication, distribution, etc. 1987-.
300 ## - PHYSICAL DESCRIPTION
Extent 2 Գ. ;
Dimensions 20 սմ.
505 00 - FORMATTED CONTENTS NOTE
Miscellaneous information Հ. Ա (1987, 406 էջ) :
Title Ծաղկաքաղ հայոց պատմության
Miscellaneous information Հ. Բ (1988, 558 էջ) :
Title Ծաղկաքաղ հայոց մշակույթի պատմության
650 14 - SUBJECT ADDED ENTRY--TOPICAL TERM
Topical term or geographic name entry element Հայոց պատմություն
650 14 - SUBJECT ADDED ENTRY--TOPICAL TERM
Topical term or geographic name entry element Հայ գրականություն
General subdivision Ակնարկ
9 (RLIN) 4573
700 1# - ADDED ENTRY--PERSONAL NAME
Personal name Երեմյան, Սուրեն Տիգրանի,
Dates associated with a name 1908-1992
Relator term գրախոս.
Relationship rev
9 (RLIN) 3338
700 1# - ADDED ENTRY--PERSONAL NAME
Personal name Բարխուդարյան, Վլադիմիր Բախշիի,
Dates associated with a name 1927-2017
Relator term խմբ.
Relationship edt
9 (RLIN) 2031
700 1# - ADDED ENTRY--PERSONAL NAME
Personal name Դավթյան, Վահագն Արմենակի,
Dates associated with a name 1922-1996
Relator term խմբ.
Relationship edt
9 (RLIN) 320
700 1# - ADDED ENTRY--PERSONAL NAME
Personal name Կարապետյան, Հ.Մ.
Relator term խմբ.
Relationship edt
942 ## - ADDED ENTRY ELEMENTS (KOHA)
Source of classification or shelving scheme Universal Decimal Classification
Koha item type Գրքեր / Books
Holdings
Withdrawn status Lost status Source of classification or shelving scheme Damaged status Not for loan Collection Home library Current library Date acquired Serial enumeration / chronology Total checkouts Full call number Barcode Date last seen Price effective from Koha item type Public note
    Universal Decimal Classification     General Fundamental Scientific Library Fundamental Scientific Library 22/12/2016 Գ. Ա   AII/74893 220074893 22/12/2016 22/12/2016 Գրքեր / Books 30 Days Loan
    Universal Decimal Classification     General Fundamental Scientific Library Fundamental Scientific Library 22/12/2016 Գ. Ա   AII/75864 220075864 22/12/2016 22/12/2016 Գրքեր / Books 30 Days Loan
    Universal Decimal Classification     General Fundamental Scientific Library Fundamental Scientific Library 22/12/2016 Գ. Բ   AII/78134 220078134 22/12/2016 22/12/2016 Գրքեր / Books 30 Days Loan
    Universal Decimal Classification     General Fundamental Scientific Library Fundamental Scientific Library 22/12/2016 Գ. Բ   AII/76919 220076919 22/12/2016 22/12/2016 Գրքեր / Books 30 Days Loan
          General Fundamental Scientific Library Fundamental Scientific Library 19/02/2021 Գ. Բ   AII/106694 FL0641152 19/02/2021 19/02/2021 Գրքեր / Books 30 Days Loan
          General Fundamental Scientific Library Fundamental Scientific Library 19/02/2021 Գ. Ա   AII/106693 FL0641153 19/02/2021 19/02/2021 Գրքեր / Books 30 Days Loan


ՀՀ ԳԱԱ հիմնարար գիտական գրադարան
ՀՀ,Երևան 0019
Մարշալ Բաղրամյան 24/6
հեռախոս:(374-10) 52-47-50
Հետադարձ կապ

All site content, except where otherwise noted, is licensed under a
Creative Commons License